| 000 | 00426nam a2200169Ia 4500 | ||
|---|---|---|---|
| 008 | 101124t2001 xxu||||| |||| 00| 0 sin d | ||
| 041 | _asin | ||
| 080 |
_aX8S1 _bNAL |
||
| 100 | _aNallaperuma, Nadeera Roshini | ||
| 245 | _aසඳ වැඳීම | ||
| 246 | _aSanda Vendeema | ||
| 260 |
_bAuthor _aAthurugiriya _c2001 |
||
| 300 | _b79p., 21 cm | ||
| 942 | _cBK | ||
| 999 |
_c76663 _d76663 |
||
| 003 | LK-CoDNM | ||
| 040 |
_aLK-CoDNM _dLK-CoDNM _eLK-CoDNM |
||